000 00326nam a2200133Ia 4500
008 191201s2011 xx 000 0 und d
082 _a670
_bSIV
100 _aVENKATASWAMY, Vijay
245 0 _aSIMA, a Journey Through 75 Years
260 _aSouth india
_bSIMA
_c2011
300 _a360
650 _aB.Tech(TE)
942 _2ddc
_cBK
999 _c497
_d497